Bez krve na rukou /

Hlavní autor: McDermid, Val, 1955-
Jazyk: Čeština
Vydáno: Praha : BB/art, 2008
Vydání: 1. vyd. v českém jazyce
Témata:
Fyzický popis: 359 s. ; 22 cm
Knihy
Uloženo v:
LEADER 01206nam a2200373 a 4500
001 nkc20081817232
003 CZ PrNK
005 20190806134542.0
007 ta
008 080827s2008 xr g 000 f cze
015 |a cnb001817232 
020 |a 978-80-7381-299-7  |q (váz.) 
035 |a (OCoLC)316298410 
040 |a BOA001  |b cze 
041 1 |a cze  |h eng 
072 7 |a 821.111-3  |x Anglická próza, anglicky psaná  |2 Konspekt  |9 25 
080 |a 821.111-31  |2 MRF 
080 |a (0:82-312.4)  |2 MRF 
100 1 |a McDermid, Val,  |d 1955-  |7 xx0001021  |4 aut 
245 1 0 |a Bez krve na rukou /  |c Val McDermidová ; přeložila Radmila Damová 
250 |a 1. vyd. v českém jazyce 
260 |a Praha :  |b BB/art,  |c 2008 
300 |a 359 s. ;  |c 22 cm 
500 |a Přeloženo z angličtiny 
655 7 |a anglické romány  |7 fd131814  |2 czenas 
655 7 |a detektivní romány  |7 fd132010  |2 czenas 
655 9 |a English fiction  |2 eczenas 
655 9 |a detective novels  |2 eczenas 
765 0 |t Beneath the bleeding  |9 Česky 
910 |a BOA001  |b 2-1211.802 
990 |a BK 
995 |a 01 
991 |b 200810 
996 6 |b 2610355980  |c 2-1211.802  |l MZK  |r Sklad / do 1 hodiny  |n 1  |p p.v.  |w 000914806  |u 000010  |a 1  |e BOA001  |j MZK50  |s P